Statistics for Music General Knowledge #4

Click here to take the quiz!

General Stats

  • This quiz has been taken 15,834 times
    (9,619 since last reset)
  • The average score is 10 of 20

Answer Stats

QuestionAnswer% Correct
Who "shook off" country music to become a pop singer in 2014?Taylor Swift
85%
What former NSYNC member has had the most successful solo career?Justin Timberlake
81%
Delta, Chicago, and Kansas City are subgenres of what type of music?Blues
76%
What type of tasty treat brings "all the boys to the yard"?Milkshake
66%
What type of dance was famously performed at the Moulin Rouge?Can-Can
62%
Who just called to say he loves you?Stevie Wonder
55%
Who composed "Flight of the Valkyries"?Richard Wagner
54%
What city do The White Stripes, Aretha Franklin, and Kid Rock come from?Detroit
51%
Who did Niccolò Paganini and Robert Johnson supposedly have to thank
for their "ungodly" musical prowess?
The Devil
48%
What genre of music was New York's "Studio 54" most associated with?Disco
46%
What music producer is the father of actress Rashida Jones?{Quincy} Jones
44%
What stringed instrument did King David play?Lyre
42%
What British rock band recorded "I Bet You Look Good on the Dancefloor"
and "Fluorescent Adolescent"?
The Arctic Monkeys
40%
What percussion instrument was prominently featured in the song
"(Don't Fear) The Reaper"?
Cowbell
39%
Who wrote "Rhapsody in Blue"?George Gershwin
38%
What country singer has friends in low places?Garth Brooks
37%
Who wrote music for a "Well-Tempered Clavier"?J.S. Bach
37%
What band was founded by Lou Reed and John Cale?The Velvet Underground
37%
What, according to Kanye West, was one of the best music videos of all time?Single Ladies (Put a Ring on It)
32%
What, according to Gil Scott-Heron, will not be televised?The Revolution
31%

Score Distribution

Percentile by Number Answered

Percent of People with Each Score

Your Score History

You have not taken this quiz since the last reset